000 00903cab a2200253 4500
001 ABS59816
008 090401t1998 xxu||||| |||| 00| 0 eng d
035 _a(Sirsi) u90291
041 _aeng
100 _aRussell, L.
245 _aPoole of information
260 _c1998
350 _a0
490 _aNew Civil Engineer
_v10-31 December 1998, 27(1)
520 _aDiscussion on use of geographical information systems. One of the key uses is to steamline the collection of data on relevant land charges for property buyers. Focuses on the system adopted by Poole BC, and reviews strategies in which the system can be linked to and exploited in other areas.
650 _aDEVELOPMENT
650 _aGIS
650 _aHOUSE BUYERS
650 _aPOOLE BC
650 _aPROPERTY DATA
690 _aMANAGEMENT-BUSINESS MANAGEMENT-INFORMATION MANAGEMENT
942 _n0
948 _c15/12/1998
999 _c57226
_d57226